00624nam a2200181 a 450000100100000000500170001000800410002702000150006804000250008310000280010824500470013625000120018326000340019530000210022950000700025095201050032099900170042500004401620201002045108.0140513s1999 sp 000 0 spa d a8433909494 aDO-SdBNPbspacBNPHU1 aGopegui, Belén97101713aLa escala de los mapas /cBelén Gopegui. a7a. ed. aBarcelona :bAnagrama,c1999. a229 p. ;c21 cm. aIncluye datos biográficos del autor en la solapa de la cubierta 001050718MOaGRbGRcCTd2014-05-13iLF1l0o p44016-10r2020-06-25w2020-06-25y1ZNo se presta c43505d43505